La vie du pianiste Dinu Lipatti: ecrite par sa mere

Guardado en:
Detalles Bibliográficos
Autor principal: Lipatti, Anna (autora)
Formato: Libro
Lenguaje:francés
Publicado: París La Colombe 1954
Materias:
Etiquetas: Agregar Etiqueta
Sin Etiquetas, Sea el primero en etiquetar este registro!

MARC

LEADER 00000nam a2200000 a 4500
001 UCW2339
003 CL-VaPUC
005 20231106111848.0
008 890712e19540000FR |||||||||||||||||fre|d
999 |c 216896  |d 216894 
040 |c Pontificia Universidad Católica de Valparaíso 
082 0 4 |a 780.92 LIP 1954  |2 21 
100 |a Lipatti, Anna  |e autora  |9 306364 
245 1 3 |a La vie du pianiste Dinu Lipatti: ecrite par sa mere 
260 |a París  |b La Colombe  |c 1954 
300 |a 92 p 
583 |a last modification  |c 19890712 00:00:00  |k Rodrigo Vera 
600 0 |a Lipatti, Dinu Constantin  |2 CL-VaPUC  |9 306365  |d 1917-1950  |z Rumania 
650 0 |9 306502  |a Pianistas 
942 |c BK  |2 ddc 
945 |d 19890712 00:00:00 
952 |0 0  |1 0  |4 0  |6 780_920000000000000_LIP_1954  |7 0  |8 A  |9 203296  |a BIBEDU  |b BIBEDU  |d 2019-11-15  |i 2705494  |o 780.92 LIP 1954  |p 2705494  |r 2023-01-12  |w 2019-11-15  |y BK  |k MUS